[Event "Tournament (team) \"]
[Site "masterchessopen.com Santiago (Chile)"]
[Round "0"]
[White "Munoz Darwin (CHI)"]
[Black "Saavedra Juan (CHI)"]
[Result "1-0"]
[WhiteElo "2125"]
[BlackElo "2114"]

1.e4 c5 2.Nf3 d6 3.d4 cxd4 4.Nxd4 Nf6 5.Nc3 Nc6 6.Bg5 e6 7.f4 Be7 8.Qd2 O-O
9.O-O-O Nxd4 10.Qxd4 Qa5 11.e5 dxe5 12.fxe5 Rd8 13.Qa4 Rxd1+ 14.Kxd1 Qxe5
15.Bxf6 Qxf6 16.Bd3 Bf8 17.Rf1 Qe7 18.Qf4 g6 19.g4 Bd7 20.Ne4 Bg7 21.g5 Bc6
22.Nf6+ Bxf6 23.gxf6 Qf8 24.h4 h5 25.Qg5 Rd8 26.Kc1 Rd5 27.Qe3 a6 28.c4 Rd7
29.Bc2 Kh7 30.Rg1 b5 31.Rg5 Kh8 32.Qe5 Qd6 33.Qe3 Kg8 34.Rc5 Qh2 35.b3 Qh1+
36.Kb2 Qxh4 37.Rxc6 Qxf6+ 38.Qc3 Qg5 39.Rc8+ Rd8 40.Rxd8+ Qxd8 41.c5 a5 42.a3
h4 43.Qe5 b4 44.c6 Qd2 45.axb4 axb4 46.c7 Qd7 47.Qc5 Qc8 48.Be4 {#r} 1-0

[Event "Ch Sweden (corr.)"]
[Site "masterchessopen.com Sweden"]
[Round "7"]
[White "Persson Borje (SWE)"]
[Black "Karlsson Patrik (SWE)"]
[Result "0-1"]
[WhiteElo "1947"]
[BlackElo "1968"]

1.e4 c5 2.Nf3 d6 3.d4 cxd4 4.Nxd4 Nf6 5.Nc3 Nc6 6.Bg5 e6 7.Qd2 Be7 8.O-O-O
Nxd4 9.Qxd4 O-O 10.f4 Qa5 11.Bc4 Bd7 12.Bb3 Bc6 13.Rhf1 h6 14.Bh4 Qh5 15.Bg3
d5 16.f5 Nxe4 17.Nxe4 dxe4 18.fxe6 fxe6 19.Bxe6+ Kh7 20.Qc4 Rad8 21.Rxd8 Rxd8
22.b4 Qg5+ 23.Kb1 Bf6 24.a3 Qe3 25.Ka2 Bb5 {#R} 0-1

[Event "Tournament"]
[Site "masterchessopen.com Uppsala (Sweden)"]
[Round "0"]
[White "Wieweg Johnny (SWE)"]
[Black "Degerman Lars (SWE)"]
[Result "0-1"]
[WhiteElo "2214"]
[BlackElo "2480"]

1.e4 c5 2.Nf3 Nc6 3.d4 cxd4 4.Nxd4 Nf6 5.Nc3 d6 6.Bg5 e6 7.Qd2 Be7 8.O-O-O O-O
9.f4 Nxd4 10.Qxd4 Qa5 11.Bc4 Bd7 12.e5 dxe5 13.fxe5 Bc6 14.Bd2 Nd7 15.Rhe1 Qc5
16.Qf4 b5 17.Bd3 b4 18.Nb1 Rac8 19.Qg3 Rfd8 20.Bh6 g6 21.Nd2 Qd5 22.Kb1 Nc5
23.Nf3 Nxd3 24.Rxd3 Qc4 25.b3 Qc5 26.Be3 Qa5 27.Red1 Rxd3 28.cxd3 Qd5 29.Ng5
Bb5 30.Bc1 Rc3 31.Ne4 Bxd3+ 32.Ka1 {#R} 0-1

[Event "It (open)"]
[Site "masterchessopen.com Baden-Baden (Germany)"]
[Round "0"]
[White "Metz Hartmut (GER)"]
[Black "Liszka Guenter (GER)"]
[Result "1-0"]
[WhiteElo "2296"]
[BlackElo "1966"]

1.e4 c5 2.Nf3 Nc6 3.d4 cxd4 4.Nxd4 Nf6 5.Nc3 d6 6.Bg5 e6 7.Qd2 Be7 8.O-O-O O-O
9.f4 Nxd4 10.Qxd4 Qa5 11.Kb1 Rd8 12.Qd2 a6 13.Nd5 Qxd2 14.Nxe7+ Kf8 15.Rxd2
Kxe7 16.e5 dxe5 17.Rxd8 Kxd8 18.fxe5 h6 19.exf6 {#r} 1-0

[Event "Ch Yugoslavia (w)"]
[Site "masterchessopen.com Belgrade (Yugoslavia)"]
[Round "10"]
[White "Pejic Dragana (YUG)"]
[Black "Prudnikova Svetlana (SRB)"]
[Result "0-1"]
[WhiteElo "2092"]
[BlackElo "2349"]

1.e4 c5 2.Nf3 Nc6 3.d4 cxd4 4.Nxd4 Nf6 5.Nc3 d6 6.Bg5 e6 7.Qd2 Be7 8.O-O-O O-O
9.f4 Nxd4 10.Qxd4 Qa5 11.Be2 h6 12.h4 e5 13.Qg1 Be6 14.Bxf6 Bxf6 15.f5 Bxa2
16.g4 g5 17.fxg6 fxg6 18.g5 Bg7 19.Rxd6 Bf7 20.h5 Qa1+ 21.Nb1 Ba2 22.Kd2 Rad8
23.Rxd8 Rxd8+ 24.Bd3 Qxb2 25.gxh6 Bc4 26.Rh3 Bf8 27.Qg4 Bb4+ 28.Ke3 Qc1+
29.Kf2 Bc5+ 30.Ke2 Qxc2+ 31.Ke1 Qf2+ 32.Kd1 Bb3+ 33.Kc1 Be3+ {#R} 0-1

[Event "It"]
[Site "masterchessopen.com Belgrade (Yugoslavia)"]
[Round "5"]
[White "Hodgson Julian M (ENG)"]
[Black "Kramnik Vladimir (RUS)"]
[Result "0-1"]
[WhiteElo "2625"]
[BlackElo "2710"]

1.e4 c5 2.Nf3 Nc6 3.d4 cxd4 4.Nxd4 Nf6 5.Nc3 d6 6.Bg5 e6 7.Qd2 Be7 8.O-O-O O-O
9.f4 Nxd4 10.Qxd4 Qa5 11.Bc4 Bd7 12.Rd3 Rad8 13.Rg3 Kh8 14.e5 dxe5 15.fxe5 Bc6
16.Qe3 Ng8 17.Bd3 Qb6 18.Qxb6 axb6 19.Re1 Bxg5+ 20.Rxg5 Rd4 21.Be4 Ne7 22.Rg3
Rfd8 23.b3 Ng6 24.Bxc6 bxc6 25.Rf3 Kg8 26.g3 h5 27.Na4 b5 28.Nb2 Ra8 29.Kb1
Rd2 30.h4 Ne7 31.Ref1 Nd5 32.Rxf7 Nc3+ 33.Kc1 Re2 34.a4 bxa4 35.Nxa4 Nxa4
36.bxa4 Rxa4 37.R1f2 Rxe5 38.Rc7 Re3 39.Rxc6 Rxg3 40.Rxe6 Rxh4 41.Re5 Rh1+
42.Kd2 h4 43.Re3 Kh7 44.Ke2 Rc1 45.Rxg3 hxg3 46.Rf1 Rxc2+ 47.Ke3 Kg6 48.Ra1
Kh5 {#R} 0-1

[Event "Ch World (qual) (PCA)"]
[Site "masterchessopen.com Groningen (Netherlands)"]
[Round "3"]
[White "Oll Lembit (EST)"]
[Black "Hodgson Julian M (ENG)"]
[Result "0-1"]
[WhiteElo "2595"]
[BlackElo "2625"]

1.e4 c5 2.Nf3 d6 3.d4 cxd4 4.Nxd4 Nf6 5.Nc3 Nc6 6.Bg5 e6 7.Qd2 Be7 8.O-O-O O-O
9.f4 Nxd4 10.Qxd4 Qa5 11.Bc4 Bd7 12.e5 dxe5 13.fxe5 Bc6 14.Bd2 Nd7 15.Nd5 Qc5
16.Nxe7+ Qxe7 17.Rhe1 Rfd8 18.Qg4 Nf8 19.Bd3 Rxd3 20.cxd3 Qd7 21.Kb1 Qxd3+
22.Ka1 h5 23.Qxh5 Ba4 24.Bc3 Bxd1 25.Rxd1 Qe4 26.Qg5 a5 27.Qd2 Ng6 28.g3 Ne7
29.Qd7 Nd5 30.Bd4 Qe2 31.Rc1 b5 32.Bc5 Qd3 33.Qc6 Rd8 34.Bd6 Kh7 35.Qc5 Kg6
36.h4 Rh8 37.a3 Rh5 38.Qg1 Kh7 39.Rd1 Qb3 40.Rd2 Rf5 41.g4 Rf4 42.Qb1+ Kg8
43.g5 b4 44.Rd3 Nc3 45.axb4 Qa2+ 46.Qxa2 {#R} 0-1

[Event "It (open) \"]
[Site "masterchessopen.com Jyvaskyla (Finland)"]
[Round "6"]
[White "Alava Mikko (FIN)"]
[Black "Manninen Marko (FIN)"]
[Result "0-1"]
[WhiteElo "2201"]
[BlackElo "2377"]

1.e4 c5 2.Nf3 Nc6 3.d4 cxd4 4.Nxd4 Nf6 5.Nc3 d6 6.Bg5 e6 7.Qd2 Be7 8.O-O-O
Nxd4 9.Qxd4 O-O 10.f4 Qa5 11.Bc4 Bd7 12.h4 Bc6 13.Rhe1 Rad8 14.Bb3 h6 15.Qd3
b5 16.Bxf6 Bxf6 17.g4 b4 18.Ne2 Bxh4 19.Rh1 Bf2 20.g5 Qc5 21.Rh3 a5 22.gxh6 g6
23.f5 exf5 24.exf5 Qxf5 25.Qxf5 gxf5 26.Nd4 Be4 27.Ne2 d5 28.c3 Kh7 29.Nd4 Rd6
30.Kd2 Rg8 31.Rf1 Bxd4 32.cxd4 Bg2 {#R} 0-1

[Event "It (b)"]
[Site "masterchessopen.com Madrid (Spain)"]
[Round "0"]
[White "Danailov Silvio (BUL)"]
[Black "Rivera Daniel (URU)"]
[Result "1-0"]
[WhiteElo "2440"]
[BlackElo "2415"]

1.e4 c5 2.Nf3 d6 3.d4 cxd4 4.Nxd4 Nf6 5.Nc3 Nc6 6.Bg5 e6 7.Qd2 Be7 8.O-O-O O-O
9.f4 Nxd4 10.Qxd4 Qa5 11.Bc4 Bd7 12.e5 dxe5 13.fxe5 Bc6 14.Bd2 Nd7 15.Nd5 Qd8
16.Nxe7+ Qxe7 17.Rhe1 Nb6 18.Bf1 Rfc8 19.Kb1 Rd8 20.Qg4 Qc5 21.Bd3 Na4 22.Be3
Qxe5 23.Bxh7+ Kh8 24.Bc1 Qa5 25.Qh4 Rd5 26.Bg6+ Kg8 27.Qh7+ Kf8 28.Qh8+ Ke7
29.Qxg7 Rf8 30.Bh6 {#r} 1-0

[Event "It (open) \"]
[Site "masterchessopen.com Nethanya (Israel)"]
[Round "6"]
[White "Stisis Yaacov (ISR)"]
[Black "Manor Ilan (ISR)"]
[Result "1-0"]
[WhiteElo "2390"]
[BlackElo "2476"]

1.e4 c5 2.Nf3 Nc6 3.d4 cxd4 4.Nxd4 Nf6 5.Nc3 d6 6.Bg5 e6 7.Qd2 Be7 8.O-O-O O-O
9.f4 Nxd4 10.Qxd4 Qa5 11.e5 dxe5 12.Qxe5 Qb6 13.Na4 Qc6 14.Bb5 {#r} 1-0

[Event "It (open)"]
[Site "masterchessopen.com Philadelphia (USA)"]
[Round "0"]
[White "Olsen Robert (USA)"]
[Black "Finegold Benjamin (USA)"]
[Result "0-1"]
[WhiteElo "2101"]
[BlackElo "2489"]

1.e4 c5 2.Nf3 Nc6 3.d4 cxd4 4.Nxd4 Nf6 5.Nc3 d6 6.Bg5 e6 7.Qd2 Be7 8.O-O-O O-O
9.f4 Nxd4 10.Qxd4 Qa5 11.Kb1 h6 12.Bxf6 Bxf6 13.Qd2 Rd8 14.Nd5 Qxd2 15.Nxf6+
gxf6 16.Rxd2 Kf8 17.Be2 Ke7 18.Bf3 Bd7 19.Rhd1 Bc6 20.c4 Rac8 21.b3 a6 22.Kb2
b5 23.cxb5 axb5 24.a3 Bb7 25.Rc1 Rxc1 26.Kxc1 e5 27.fxe5 fxe5 28.Rc2 Rd7
29.Kd2 f5 30.exf5 d5 31.Rc5 Kd6 32.Rxb5 e4 33.Bh5 d4 34.f6 e3+ 35.Ke1 Bd5
36.b4 Ra7 37.Ra5 Rxa5 38.bxa5 d3 39.a6 Bc4 40.Kd1 Bxa6 41.f7 Ke7 42.Kc1 Bb5
43.h4 Ba4 44.g3 Bb3 {#R} 0-1

[Event "It"]
[Site "masterchessopen.com Sochi (Russia)"]
[Round "0"]
[White "Berelovich Aleksandar (GER)"]
[Black "Aseev Konstantin N (RUS)"]
[Result "0-1"]
[WhiteElo "2563"]
[BlackElo "2511"]

1.e4 c5 2.Nf3 d6 3.d4 cxd4 4.Nxd4 Nf6 5.Nc3 Nc6 6.Bg5 e6 7.Qd2 Be7 8.O-O-O O-O
9.f4 Nxd4 10.Qxd4 a6 11.Be2 Qa5 12.Bf3 h6 13.h4 Rd8 14.Qf2 Bd7 15.Kb1 Rac8
16.Rd3 Kf8 17.g4 Be8 18.Bxf6 Bxf6 19.Nd1 Qc5 20.Qg2 Bb5 21.Rd2 g6 22.g5 Bg7
23.h5 hxg5 24.hxg6 fxg6 25.Rh7 Be8 26.Qh3 gxf4 27.c3 Bf7 28.Rh2 Qg1 29.Qh4 Qg3
30.Rxg7 Kxg7 31.Qh6+ Kf6 32.Rg2 Qxf3 33.Qg5+ Kg7 34.Nf2 Rh8 35.e5 Rh1+ 36.Kc2
Qe2+ 37.Kb3 Qxe5 38.Qxe5+ dxe5 39.Nd3 Rd1 40.Nxe5 Rd5 41.Nf3 e5 42.Kc2 Be6
43.Ng5 Bf5+ 44.Kb3 Rb5+ 45.Ka3 Rc4 46.b3 Rxc3 47.Rd2 Kf6 48.Nh7+ Ke7 {#R} 0-1

[Event "It (open)"]
[Site "masterchessopen.com Antwerpen (Belgium)"]
[Round "0"]
[White "Ziatdinov Raset (USA)"]
[Black "Ragozin Evgeni (RUS)"]
[Result "1-0"]
[WhiteElo "2410"]
[BlackElo "2510"]

1.e4 c5 2.Nf3 Nc6 3.d4 cxd4 4.Nxd4 Nf6 5.Nc3 d6 6.Bg5 e6 7.Qd2 Be7 8.O-O-O O-O
9.f4 Nxd4 10.Qxd4 Qa5 11.Bc4 Bd7 12.e5 dxe5 13.Qxe5 Qb4 14.Rd4 Bc5 15.Rhd1
Bxd4 16.Rxd4 Rfd8 17.Bxf6 gxf6 18.Qxf6 Qb6 19.f5 Bc6 20.Rg4+ Kf8 21.b3 {#r}
1-0

[Event "It (open)"]
[Site "masterchessopen.com Budapest (Hungary)"]
[Round "5"]
[White "Csoke Adrienn (HUN)"]
[Black "Kiss Gergely (HUN)"]
[Result "0-1"]
[WhiteElo "2097"]
[BlackElo "2210"]

1.e4 c5 2.Nf3 d6 3.d4 cxd4 4.Nxd4 Nf6 5.Nc3 Nc6 6.Bg5 e6 7.Qd2 Be7 8.O-O-O O-O
9.f4 Nxd4 10.Qxd4 Qa5 11.Be2 Bd7 12.h4 Bc6 13.h5 h6 14.Bh4 d5 15.exd5 Bc5
16.Qe5 Nxd5 17.Rh3 Kh8 18.Rxd5 Bxd5 19.Bf6 Rg8 20.Rg3 Bf8 21.Bd3 gxf6 22.Qxf6+
Bg7 23.Qxf7 Raf8 24.Qg6 Rf5 25.a3 Bc6 26.Qxe6 Rf6 27.Rxg7 Kxg7 28.Qe7+ Rf7
29.Qe6 Qxh5 30.g4 Re8 31.Qxe8 Bxe8 32.gxh5 Rxf4 33.Nd5 Rh4 34.Ne7 Rxh5 35.Nf5+
Kf6 36.Nd6 Bc6 37.b4 Ke6 {#R} 0-1

[Event "It"]
[Site "masterchessopen.com Catania (Italy)"]
[Round "7"]
[White "Caruso Augusto (ITA)"]
[Black "Mantovani Renzo (ITA)"]
[Result "0-1"]
[WhiteElo "2235"]
[BlackElo "2365"]

1.e4 c5 2.Nf3 d6 3.d4 cxd4 4.Nxd4 Nf6 5.Nc3 Nc6 6.Bg5 e6 7.Qd2 Be7 8.O-O-O O-O
9.f4 Nxd4 10.Qxd4 Qa5 11.Bc4 Bd7 12.Rd3 Rfc8 13.Bb3 Bc6 14.Rg3 Kh8 15.e5 dxe5
16.fxe5 Nd5 17.Qh4 Nxc3 18.Rxc3 Bxg5+ 19.Qxg5 Be4 20.Rg3 Bg6 21.h4 Rc5 22.Re3
Rac8 23.c3 h6 24.Qg3 Qc7 25.h5 Bf5 26.Bc2 Bxc2 27.Kxc2 Rd5 28.Kb1 Rcd8 29.Rc1
R8d7 30.Qe1 Qd8 31.Qf1 Qg5 32.Qf3 {#R} 0-1

[Event "It (open)"]
[Site "masterchessopen.com Chania (Greece)"]
[Round "4"]
[White "Pandavos Panayotis (GRE)"]
[Black "Inkiov Ventzislav (BUL)"]
[Result "0-1"]
[WhiteElo "2400"]
[BlackElo "2465"]

1.e4 c5 2.Nf3 d6 3.d4 cxd4 4.Nxd4 Nf6 5.Nc3 Nc6 6.Bg5 e6 7.Qd2 Be7 8.O-O-O
Nxd4 9.Qxd4 O-O 10.f4 Qa5 11.Bc4 Bd7 12.e5 dxe5 13.fxe5 Bc6 14.Bxf6 gxf6
15.Bb5 f5 16.Bxc6 bxc6 17.g4 Bg5+ 18.Kb1 Rad8 19.Qc4 Rxd1+ 20.Rxd1 Qxe5
21.gxf5 Qxf5 22.Ne4 Rd8 23.Rg1 Kh8 24.a3 Be3 25.Rg3 Bd4 26.Qxc6 Rb8 27.Nc3
Qf1+ 28.Ka2 Qc1 29.b4 Qxc2+ 30.Ka1 {#R} 0-1

[Event "Ch Finland (team) 1993/94"]
[Site "masterchessopen.com Finland"]
[Round "11"]
[White "Karner Hillar (EST)"]
[Black "Tella Jussi (FIN)"]
[Result "0-1"]
[WhiteElo "2251"]
[BlackElo "2429"]

1.e4 c5 2.Nf3 d6 3.d4 cxd4 4.Nxd4 Nf6 5.Nc3 Nc6 6.Bg5 e6 7.Qd2 Be7 8.O-O-O O-O
9.f4 Nxd4 10.Qxd4 Qa5 11.Bc4 Bd7 12.Rhf1 Bc6 13.Bb3 b5 14.a3 Rab8 15.e5 dxe5
16.fxe5 b4 17.Bxf6 Bxf6 18.exf6 bxc3 19.Qg4 g6 20.Qh4 cxb2+ 21.Kxb2 h5 22.Qf4
Kh7 23.g4 Rfc8 24.gxh5 Qxh5 25.Rd6 Bd5 26.Rf2 a5 27.Rd7 e5 28.Qd2 Be6 29.Re7
Qh3 30.Qxa5 {#R} 0-1

[Event "It (open) \"]
[Site "masterchessopen.com Gausdal (Norway)"]
[Round "2"]
[White "Luther Thomas (GER)"]
[Black "Thorhallsson Throstur (ISL)"]
[Result "1-0"]
[WhiteElo "2510"]
[BlackElo "2460"]

1.e4 c5 2.Nf3 d6 3.d4 cxd4 4.Nxd4 Nf6 5.Nc3 Nc6 6.Bg5 e6 7.Qd2 Be7 8.O-O-O O-O
9.f4 Nxd4 10.Qxd4 Qa5 11.Kb1 e5 12.Qd2 Bg4 13.Nd5 Qd8 14.Nxe7+ Qxe7 15.Re1 Be6
16.Bd3 h6 17.Bh4 g5 18.fxe5 gxh4 19.exf6 Qxf6 20.Rhf1 Qg5 21.Rf4 Kh8 22.Qf2 h3
23.gxh3 Rg8 24.Rf6 Rg7 25.h4 Qh5 26.b3 Kg8 27.Qf4 Qe5 28.Qxh6 a5 29.Rff1 a4
30.Rg1 a3 31.Rxg7+ Qxg7 32.Qg5 Kf8 33.e5 Qxg5 34.hxg5 Ra5 35.b4 Rxe5 36.Rxe5
dxe5 37.c4 f5 38.gxf6 Kf7 39.Kc2 e4 40.Be2 Kxf6 41.b5 Ke5 42.Kc3 Bh3 43.b6 Kf4
44.c5 Ke5 45.c6 Bc8 {#r} 1-0

[Event "Oberliga Mittelrhein 1993/94"]
[Site "masterchessopen.com Germany"]
[Round "0"]
[White "Begnis Nikolaos (GRE)"]
[Black "Roos Thomas (GER)"]
[Result "0-1"]
[WhiteElo "2300"]
[BlackElo "2193"]

1.e4 c5 2.Nf3 d6 3.d4 cxd4 4.Nxd4 Nf6 5.Nc3 Nc6 6.Bg5 e6 7.Qd2 Be7 8.O-O-O O-O
9.f4 Nxd4 10.Qxd4 Qa5 11.Bc4 Bd7 12.e5 dxe5 13.fxe5 Bc6 14.Bd2 Nd7 15.Nd5 Qc5
16.Nxe7+ Qxe7 17.Rhe1 Rfd8 18.Qg4 Nb6 19.Bf1 Rd5 20.Bb4 Qd8 21.c4 Rd7 22.Rd6
a5 23.Bc3 Nc8 24.Rxd7 Qxd7 25.Rd1 Qe8 26.Qd4 Ne7 27.Qb6 a4 28.h3 Ng6 29.g3 Qe7
30.Qe3 Rc8 31.Kb1 Qe8 32.Bb4 b5 33.Rc1 bxc4 34.Bxc4 Qd7 35.h4 Qb7 36.Bd3 Qxb4
37.Rc4 Qb7 38.Qg5 Qe7 39.Qc1 Qe8 40.Qc3 Bd7 41.h5 Ne7 {#R} 0-1

[Event "It (open)"]
[Site "masterchessopen.com Goch (Germany)"]
[Round "3"]
[White "Eckert Frank (GER)"]
[Black "De Ruijter Luc"]
[Result "0-1"]
[WhiteElo "2239"]
[BlackElo "2210"]

1.e4 c5 2.Nf3 d6 3.d4 cxd4 4.Nxd4 Nf6 5.Nc3 Nc6 6.Bg5 e6 7.Qd2 Be7 8.O-O-O O-O
9.f4 Nxd4 10.Qxd4 Qa5 11.Bc4 Bd7 12.Rd3 b5 13.Bb3 b4 14.Nd1 Bc6 15.Rg3 e5
16.Qe3 exf4 17.Bxf4 Nxe4 18.Rh3 Qc5 19.Qd3 Bg5 20.Be3 a5 21.Kb1 Bxe3 22.Nxe3
Rae8 23.Rd1 Bb5 24.Bc4 Bxc4 25.Nxc4 Qxc4 {#R} 0-1

[Event "It (open)"]
[Site "masterchessopen.com Harkany (Hungary)"]
[Round "0"]
[White "Amrein Roland (HUN)"]
[Black "Feher Gyula (HUN)"]
[Result "0-1"]
[WhiteElo "2199"]
[BlackElo "2410"]

1.e4 c5 2.Nf3 Nc6 3.d4 cxd4 4.Nxd4 Nf6 5.Nc3 d6 6.Bg5 e6 7.Qd2 Be7 8.O-O-O O-O
9.f4 Nxd4 10.Qxd4 Qa5 11.Bc4 Bd7 12.e5 dxe5 13.fxe5 Bc6 14.Bd2 Nd7 15.Nd5 Qd8
16.Nxe7+ Qxe7 17.Rhe1 Rfd8 18.Qg4 Nf8 19.Bd3 Rxd3 20.cxd3 Qd7 21.Re3 Qd5
22.Kb1 Ng6 23.Rg3 Qxe5 24.Bc3 Qd5 25.Re1 h5 26.Qe2 Rd8 27.h4 Bb5 28.Kc2 Qxa2
29.Qxh5 Qa4+ 30.Kb1 Bxd3+ 31.Rxd3 Rxd3 32.Qe2 Nf4 33.Qg4 Rxc3 34.bxc3 Qb3+
35.Kc1 Qxc3+ 36.Kd1 Qa1+ 37.Kd2 Qd4+ 38.Kc2 Qf2+ 39.Kd1 Nxg2 {#R} 0-1

[Event "Ch Finland"]
[Site "masterchessopen.com Helsinki (Finland)"]
[Round "0"]
[White "Holmsten Aleksei (FIN)"]
[Black "Nevanlinna Risto (FIN)"]
[Result "0-1"]
[WhiteElo "2350"]
[BlackElo "2252"]

1.e4 c5 2.Nf3 d6 3.d4 cxd4 4.Nxd4 Nf6 5.Nc3 Nc6 6.Bg5 e6 7.Qd2 Be7 8.O-O-O
Nxd4 9.Qxd4 O-O 10.f4 Qa5 11.Kb1 h6 12.h4 e5 13.Qf2 Ng4 14.Qg3 hxg5 15.hxg5
exf4 16.Qh4 Nh6 17.Nd5 Qd8 18.Nxe7+ Qxe7 19.Be2 f6 20.gxh6 g5 21.Qh5 Kh8
22.Bc4 Bd7 23.Qg6 Be8 24.Qg7+ Qxg7 25.hxg7+ Kxg7 26.Rxd6 Bc6 27.e5 Rae8 28.e6
Bxg2 29.Rd7+ Kg6 30.Rh2 Rh8 31.Rxh8 Rxh8 32.b4 Bc6 33.Rf7 Kf5 34.b5 Be4 35.Rd7
g4 36.e7 g3 37.Rd8 g2 38.Rxh8 g1=Q+ 39.Kb2 Qd4+ 40.Kb3 Bxc2+ {#R} 0-1

[Event "It"]
[Site "masterchessopen.com Kopavogur (Iceland)"]
[Round "4"]
[White "Almasi Zoltan (HUN)"]
[Black "Vidarsson Jon G (ISL)"]
[Result "1-0"]
[WhiteElo "2620"]
[BlackElo "2335"]

1.e4 c5 2.Nf3 Nc6 3.d4 cxd4 4.Nxd4 Nf6 5.Nc3 d6 6.Bg5 e6 7.Qd2 Be7 8.O-O-O O-O
9.f4 Nxd4 10.Qxd4 Qa5 11.Bc4 Bd7 12.Rd3 b5 13.Rg3 bxc4 14.Bxf6 Bxf6 15.Qxf6 g6
16.Rd1 Qb6 17.h4 Rfb8 18.h5 Qd8 19.Qd4 Be8 20.hxg6 fxg6 21.Qxd6 Qxd6 22.Rxd6
Rb6 23.Rd4 Rc8 24.e5 Rcb8 25.Nd1 Bb5 26.Ne3 Ra6 27.Kb1 Rab6 28.Rh3 Ba6 29.b3
cxb3 30.axb3 Rb4 31.Rd7 Rxf4 32.Rdxh7 {#r} 1-0

[Event "It"]
[Site "masterchessopen.com Kopavogur (Iceland)"]
[Round "4"]
[White "Stefansson Hannes (ISL)"]
[Black "Thorhallsson Throstur (ISL)"]
[Result "1-0"]
[WhiteElo "2560"]
[BlackElo "2460"]

1.e4 c5 2.Nf3 Nc6 3.d4 cxd4 4.Nxd4 Nf6 5.Nc3 d6 6.Bg5 e6 7.Qd2 Be7 8.O-O-O O-O
9.f4 Nxd4 10.Qxd4 Qa5 11.Bc4 Bd7 12.Rd3 Bc6 13.Rg3 e5 14.fxe5 dxe5 15.Qf2 Kh8
16.Rf3 Qb4 17.Bxf6 Bxf6 18.Bb3 Bg5+ 19.Kb1 f6 20.a3 Qd4 21.Qe2 Rad8 22.h4 Bh6
23.g4 Bf4 24.Nd5 Bxd5 25.Bxd5 Rd7 26.Rd1 Qc5 27.Rfd3 Qe7 28.Bb3 Rc7 29.Rd6 f5
30.gxf5 Qxh4 31.Rd7 Rxd7 32.Rxd7 Qg5 33.Rxb7 h5 34.Rd7 h4 35.Rd3 Bg3 36.Rd6 h3
37.Rd1 h2 38.Rh1 Qh4 39.Bd5 Kh7 40.Qa6 Qh5 41.Qxa7 Qf3 42.Qg1 g5 43.Rxh2+ Bxh2
44.Qxh2+ Kg7 {#r} 1-0

[Event "It (open)"]
[Site "masterchessopen.com Leeuwarden (Netherlands)"]
[Round "3"]
[White "Tseshkovsky Vitaly (RUS)"]
[Black "Knoppert Erik G J (NED)"]
[Result "0-1"]
[WhiteElo "2525"]
[BlackElo "2380"]

1.e4 c5 2.Nf3 d6 3.d4 cxd4 4.Nxd4 Nf6 5.Nc3 Nc6 6.Bg5 e6 7.Qd2 Be7 8.O-O-O O-O
9.f4 Nxd4 10.Qxd4 Bd7 11.Bc4 Bc6 12.Rhe1 Qa5 13.Bb3 Rfe8 14.Qf2 Ng4 15.Qh4
Bxg5 16.fxg5 Ne5 17.Rxd6 Qc5 18.Rd2 b5 19.Qf2 Qxf2 20.Rxf2 a5 21.a3 b4 22.Na4
Rab8 23.Rd2 Rec8 24.axb4 axb4 25.Rd4 Kf8 26.Kd2 Ke7 27.Ra1 Rb5 28.Bc4 Ra5
29.Nb6 Nxc4+ 30.Ke2 Rc7 31.Rxa5 Nxa5 32.Rxb4 Bb7 33.c3 Rc5 34.h4 Ba6+ 35.Kf3
Rc6 36.Kf4 Nc4 37.Nxc4 Rxc4 38.Rb8 Bc8 39.h5 Kd7 40.h6 gxh6 41.gxh6 f5 42.Rb4
Rxb4 43.cxb4 Kd6 44.exf5 exf5 45.b5 Kc5 46.Ke5 Kxb5 47.b3 Bd7 48.Kf6 Be8 {#R}
0-1

[Event "It"]
[Site "masterchessopen.com Lippstadt (Germany)"]
[Round "7"]
[White "Luther Thomas (GER)"]
[Black "Brenke Andreas (GER)"]
[Result "1-0"]
[WhiteElo "2510"]
[BlackElo "2285"]

1.e4 c5 2.Nf3 Nc6 3.d4 cxd4 4.Nxd4 Nf6 5.Nc3 d6 6.Bg5 e6 7.Qd2 Be7 8.O-O-O
Nxd4 9.Qxd4 O-O 10.f4 Qa5 11.Kb1 Rd8 12.Qd2 Qc7 13.Bd3 Bd7 14.Qe2 Bc6 15.Rhf1
h6 16.h4 d5 17.Bxf6 Bxf6 18.e5 Be7 19.f5 exf5 20.Rxf5 Qd7 21.Rxf7 Qe6 22.Rf4
Rf8 23.g3 Qh3 24.Qh5 Qxg3 25.Rg4 Be8 26.Rxg3 Bxh5 27.Rdg1 g5 28.hxg5 Bxg5
29.Rxg5+ hxg5 30.Rxg5+ Kf7 31.Rxh5 Rh8 32.Rf5+ Ke6 33.a4 Rh1+ 34.Ka2 Re1
35.Nb5 {#r} 1-0

[Event "Ch Army"]
[Site "masterchessopen.com Montabaur (Germany)"]
[Round "3"]
[White "Beuchler Holger (GER)"]
[Black "Schlecht Daniel (GER)"]
[Result "1-0"]
[WhiteElo "2153"]
[BlackElo "2391"]

1.e4 c5 2.Nf3 d6 3.d4 cxd4 4.Nxd4 Nf6 5.Nc3 Nc6 6.Bg5 e6 7.Qd2 Be7 8.O-O-O
Nxd4 9.Qxd4 O-O 10.f4 Qa5 11.Bc4 Bd7 12.e5 dxe5 13.fxe5 Bc6 14.Kb1 Bc5 15.Qh4
Nd7 16.Rxd7 Bxd7 17.Bd3 f5 18.exf6 g6 19.Rf1 Rf7 20.Rf3 Qb4 21.Bxg6 hxg6
22.Qh6 e5 23.Qxg6+ Kf8 24.a3 Qc4 25.Bh6+ Ke8 26.Qg8+ Bf8 27.Bxf8 Bc6 28.Rd3
{#r} 1-0

[Event "It (b)"]
[Site "masterchessopen.com Mravinci (Croatia)"]
[Round "0"]
[White "Matkovic Tonci (CRO)"]
[Black "Lisenko Alexander V (RUS)"]
[Result "0-1"]
[WhiteElo "2255"]
[BlackElo "2425"]

1.e4 c5 2.Nf3 Nc6 3.d4 cxd4 4.Nxd4 Nf6 5.Nc3 d6 6.Bg5 e6 7.Qd2 Be7 8.O-O-O
Nxd4 9.Qxd4 O-O 10.f4 Qa5 11.Bc4 Bd7 12.e5 dxe5 13.Qxe5 Qb6 14.f5 Ng4 15.Qf4
Bxg5 16.Qxg5 Nf6 17.fxe6 Bxe6 18.Bxe6 Qxe6 19.Rhe1 Qc6 20.Nd5 Nxd5 21.Qxd5
Qh6+ 22.Kb1 Qxh2 23.Qxb7 a5 24.Re7 Rab8 25.Qf3 Rbe8 26.Ra7 Qe5 27.b3 Qc5
28.Rad7 h6 29.a4 Re3 30.Qd5 Qc3 31.Qd2 Qe5 32.Rd5 Qe4 33.Qxa5 Rxb3+ 34.Kc1 Rb4
35.Qc5 Qf4+ 36.R1d2 Rfb8 {#R} 0-1

[Event "It (open)"]
[Site "masterchessopen.com Oberwart (Austria)"]
[Round "5"]
[White "Wells Peter K (ENG)"]
[Black "Roos Thomas (GER)"]
[Result "1-0"]
[WhiteElo "2490"]
[BlackElo "2193"]

1.e4 c5 2.Nf3 d6 3.d4 cxd4 4.Nxd4 Nf6 5.Nc3 Nc6 6.Bg5 e6 7.Qd2 Be7 8.O-O-O O-O
9.f4 Nxd4 10.Qxd4 Qa5 11.Bc4 Bd7 12.e5 dxe5 13.fxe5 Bc6 14.h4 Rfd8 15.Qf4 Nh5
16.Qg4 Bxg5+ 17.Qxg5 g6 18.Be2 f6 19.exf6 Qxg5+ 20.hxg5 Bxg2 21.Rh4 Ng3
22.Rxd8+ Rxd8 23.Bc4 Bd5 24.Nxd5 exd5 25.Rd4 Kf8 26.Rxd5 Rxd5 27.Bxd5 Ne2+
28.Kd2 Nf4 29.Bxb7 Ne6 30.Bd5 Nxg5 31.c4 {#r} 1-0

[Event "It"]
[Site "masterchessopen.com Peristeri (Greece)"]
[Round "8"]
[White "Kotronias Vasilios (GRE)"]
[Black "Nikolaidis Ioannis (GRE)"]
[Result "1-0"]
[WhiteElo "2545"]
[BlackElo "2460"]

1.e4 c5 2.Nf3 Nc6 3.d4 cxd4 4.Nxd4 Nf6 5.Nc3 d6 6.Bg5 e6 7.Qd2 Be7 8.O-O-O O-O
9.f4 Nxd4 10.Qxd4 Qa5 11.Bc4 h6 12.h4 e5 13.Qd3 exf4 14.Bxf4 Bg4 15.Rde1 Rac8
16.Bb3 Rfd8 17.Rhf1 Qh5 18.Qg3 Rd7 19.Be3 Qe5 20.Bxf7+ Kxf7 21.Qxg4 Rdc7
22.Qd1 Rxc3 23.bxc3 Qxc3 24.Bd4 Qc6 25.Rf3 Qa4 26.Kb1 Rc4 27.Bb2 Qc6 28.e5
dxe5 29.Rxe5 Rxh4 30.Qe1 {#r} 1-0

[Event "Ch Moravia (open)"]
[Site "masterchessopen.com Prerov (Czech Republic)"]
[Round "0"]
[White "Simacek Pavel (CZE)"]
[Black "Chytilek Roman (CZE)"]
[Result "1-0"]
[WhiteElo "2462"]
[BlackElo "2300"]

1.e4 c5 2.Nf3 d6 3.d4 cxd4 4.Nxd4 Nf6 5.Nc3 Nc6 6.Bg5 e6 7.Qd2 Be7 8.O-O-O
Nxd4 9.Qxd4 O-O 10.f4 Qa5 11.Qd3 b6 12.h4 Bb7 13.Kb1 Rfc8 14.Re1 h6 15.g4 d5
16.Bg2 Bb4 17.Bxf6 gxf6 18.exd5 Bxc3 19.bxc3 Rxc3 20.Qd4 Qb5+ 21.Ka1 Rxc2
22.dxe6 Bxg2 23.Qxf6 Bd5 24.Qxf7+ Kh8 25.Qf6+ Kh7 26.Qf7+ Kh8 27.Qf6+ Kh7
28.Qf5+ Kh8 29.Qxc2 Bxh1 30.Rxh1 Qd5 31.Re1 Re8 32.Qc3+ Kh7 33.Qf6 Qb7 34.g5
Qg7 35.f5 {#r} 1-0